Päijät-Hämeen kunnat - Äkkikuolema - Statistics

Yleistilastot
  • Tätä visaa on pelattu 237 kertaa
  • Keskiarvotulos 8 / 10
Answers on the Grid
Answers color-coded by a green-red scale on the quiz's grid according to % correct below.
Asikkala
Hartola
Heinola
Herrala
Hollola
Iitti
Joutsa
Kangasala
Kouvola
Kärkölä
Lahti
Luhanka
Mäntsälä
Mäntyharju
Orimattila
Padasjoki
Pukkila
Pälkäne
Riihimäki
Sysmä
Vierumäki
 
Vastaustilastot
Vastaus % Oikein
Heinola
92%
Hollola
92%
Lahti
87%
Asikkala
80%
Hartola
78%
Orimattila
74%
Iitti
73%
Kärkölä
68%
Padasjoki
65%
Sysmä
65%
Ehtoja vastaavia visoja ei löytynyt
Tulosjakauma
Jokaisen tuloksen saaneiden osuus
Persentiili vastausten määrän mukaan
Tuloshistoriasi
Et ole pelannut tätä visaa